Statystyki dla Państwa w sercu na mapie świata

Kliknij tutaj aby rozwiązać quiz!

Ogólne statystyki

  • Ten quiz został rozwiązany 140 razy
  • Średni wynik to 38 z 45

Odpowiedzi na mapie

Odpowiedzi skodowane kolorowo w zielono-czerwonej skali na mapie do tego quizu, zgodnie z poniższymi procentami.
 

Statystyki odpowiedzi

Państwo% Poprawnych
Australia
100%
Indonezja
98%
Madagaskar
98%
Filipiny
94%
Tajlandia
93%
Papua-Nowa Gwinea
92%
Republika Południowej Afryki
92%
Arabia Saudyjska
91%
Demokratyczna Republika Konga
91%
Jemen
91%
Sudan
90%
Wietnam
90%
Etiopia
89%
Kenia
89%
Oman
89%
Somalia
89%
Sudan Południowy
89%
Malezja
87%
Laos
86%
Zimbabwe
86%
Kambodża
84%
Malediwy
84%
Uganda
84%
Zambia
84%
Erytrea
83%
Mjanma
82%
Mozambik
81%
Timor Wschodni
81%
Seszele
80%
Tanzania
80%
Botswana
79%
Dżibuti
79%
Mauritius
79%
Rwanda
79%
Angola
77%
Komory
77%
Eswatini
75%
Namibia
75%
Burundi
74%
Malawi
73%
Republika Środkowoafrykańska
72%
Singapur
72%
Brunei
70%
Mikronezja
70%
Palau
66%

Rozkład punktacji

Percentyl według liczby udzielonych odpowiedzi

Procent ludzi z każdym wynikiem

Twoja historia wyników

Nie rozwiązałeś tego quizu